Inovácia marketingových procesov vybraného produktu diplomová práca

Na minha lista:
Detalhes bibliográficos
Autor principal: Marek, Viliam
Autor Corporativo: Obchodná fakulta EU. Katedra marketingu
Outros Autores: Daneshjo, Naqibullah, 1964-
Formato: Livro
Idioma:eslovaco
Publicado em: Bratislava 2021
Tags: Adicionar Tag
Sem tags, seja o primeiro a adicionar uma tag!

MARC

LEADER 00000nbm a2200000 4500
001 0274476
005 20220131133327.2
041 0 |a slo 
044 |a SK 
245 1 0 |a Inovácia marketingových procesov vybraného produktu  |b diplomová práca  |c Viliam Marek ; školiteľ: Naqibullah Daneshjo 
264 1 |a Bratislava  |c 2021 
300 |a 53 s. 
100 1 |a Marek, Viliam 
700 1 |a Daneshjo, Naqibullah, 1964- 
710 2 |a Obchodná fakulta EU. Katedra marketingu